| 000 | 01019cam a2200313 a 4500 | ||
|---|---|---|---|
| 001 | 14941811 | ||
| 003 | OSt | ||
| 005 | 20230602100550.0 | ||
| 008 | 070726s2007 ke 001 0 eng | ||
| 010 | _a 2007380935 | ||
| 020 | _a9966703632 | ||
| 040 |
_aDLC _cDLC _dDLC |
||
| 042 | _alcode | ||
| 043 | _af-ke--- | ||
| 082 |
_a351.6762 _bNDE |
||
| 100 | 1 | _aNdemo, Salim P. | |
| 245 | 1 | 0 |
_aEpitome of state power / _c[Salim P. Ndemo]. |
| 260 |
_a[Nairobi] : _bRegional Institute of Cooperatives Development and Management, _cc2007. |
||
| 300 |
_axvi, 141 p. ; _c21 cm. |
||
| 500 | _a"The provincial administration in Kenya"--Cover. | ||
| 500 | _aIncludes index. | ||
| 650 | 0 |
_aLocal government _zKenya. |
|
| 650 | 0 |
_aProvincial governments _zKenya. |
|
| 651 | 0 |
_aKenya _xPolitics and government. |
|
| 856 | 4 | 1 |
_3Table of contents _uhttp://www.loc.gov/catdir/toc/fy0801/2007380935.html |
| 906 |
_a7 _bcbc _corigode _d3 _encip _f20 _gy-gencatlg |
||
| 942 |
_2ddc _cBK |
||
| 999 |
_c46 _d46 |
||